| 000 | 00555nam a22001577a 4500 | ||
|---|---|---|---|
| 003 | NUST | ||
| 038 | _aNusrat Nadeem | ||
| 082 | _a200 | ||
| 100 |
_aAdeel, Urfa _9131910 |
||
| 245 |
_aAssociation between Selected Biopsychosocial Correlates of Late-life Depressive Symptomology in Elderly Population/ _c Urfa Adeel, |
||
| 264 |
_aIslamabad: _bS3H NUST. _c2025. |
||
| 650 |
_aMS Clinical Psychology _9125310 |
||
| 700 |
_aSupervisor: Dr. Sumara Masood ul Hassan _9114369 |
||
| 856 | _uhttp://10.250.8.41:8080/xmlui/handle/123456789/56238 | ||
| 942 |
_2ddc _cSC |
||
| 999 |
_c615353 _d615353 |
||